000
00227nam a22000857a 4500
008
170614b xxu||||| |||| 00| 0 eng d
100
_9
3401
_a
Karthikeyan. R
245
_a
Chemistry Lab Manual - XII
260
_a
New Delhi
_b
G. B. P
_c
2009
999
_c
6763
_d
6763